On the possible role of quantum phenomena in normal and abnormal mental function
Elmentve itt :
| Szerző: | |
|---|---|
| További közreműködők: | |
| Dokumentumtípus: | Cikk |
| Megjelent: |
Williams and Wilkins
Baltimore
1962
|
| Sorozat: | Research publications : Association for Research in Nervous and Mental Disease : vol. 40.
Ultrastructure and metabolism of the nervous system : proceedings of the association : New York, N.Y., 9-10 December 1960 |
| Kulcsszavak: | Kvantumbiológia |
| Online Access: | http://misc.bibl.u-szeged.hu/74152 |
| LEADER | 00996nab a2200229 i 4500 | ||
|---|---|---|---|
| 001 | misc74152 | ||
| 005 | 20241018111745.0 | ||
| 008 | 240314s1962 hu o 000 eng d | ||
| 040 | |a SZTE Miscellanea Repozitórium |b hun | ||
| 041 | |a eng | ||
| 100 | 2 | |a Szent-Györgyi Albert | |
| 245 | 1 | 3 | |a On the possible role of quantum phenomena in normal and abnormal mental function |h [elektronikus dokumentum] / |c Szent-Györgyi Albert |
| 260 | |a Williams and Wilkins |b Baltimore |c 1962 | ||
| 300 | |a 325-336 | ||
| 490 | 0 | |a Research publications : Association for Research in Nervous and Mental Disease : vol. 40. | |
| 490 | 0 | |a Ultrastructure and metabolism of the nervous system : proceedings of the association : New York, N.Y., 9-10 December 1960 | |
| 561 | |a Szent-Györgyi Albert tudományos és egyéb írásai | ||
| 695 | |a Kvantumbiológia | ||
| 700 | 0 | 1 | |a Korey Saul R. |
| 700 | 0 | 1 | |a Pope Alfred |
| 700 | 0 | 1 | |a Robins Eli |
| 856 | 4 | 0 | |u http://misc.bibl.u-szeged.hu/74152/1/szgya_vegyes_089.pdf |z Dokumentum-elérés |